Fall of the Roman Republic - Statistics

General Stats
  • This quiz has been taken 61 times
  • The average score is 13 of 20
Answer Stats
Hint Answer % Correct
Caesar started his civil war when he cross this river, now an idiom Rubicon
93%
The most famous of Caesar's assassins Brutus
85%
Pompey was murdered when he arrived here Egypt
85%
Caesar fathered a child with this woman after visiting the above country Cleopatra
83%
(1) Caesar posthumously adopted this relative in his will Octavian
80%
In 44 BC, Caesar was given this office for life Dictator
78%
Julius Caesar was assassinated on this day Ides of March
76%
This famous leader of the senate was murdered during the Second Triumvirate's proscriptions Cicero
74%
Julius Caesar fought this war prior to his civil war Gallic War
74%
Caesar said this when he crossed the above river The die is cast
72%
(1) was granted this title by the Roman Senate, marking the start of the Roman Empire Augustus
70%
(2) This leader gave a speech at Caesar's funeral that worked the crowd into a riot Mark Anthony
65%
The third member of the Second Triumvirate alongside the two above Lepidus
63%
Caesar's final words, according to Shakespeare Et tu, Brute?
57%
This opponent of Caesar committed suicide by disemboweling himself Cato the Younger
54%
(1) defeated (2) in this naval battle Actium
50%
After defeating Pharnaces II of Pontus, Caesar famously proclaimed this phrase Veni, vidi, vici
50%
Caesar was stabbed this many times 23
48%
Caesar defeated Pompey at this battle Pharsalus
41%
The Second Triumvirate defeated Caesar's assassins at this battle Philippi
33%
No matching quizzes found
Score Distribution
Percent of People with Each Score
Percentile by Number Answered
Your Score History
You have not taken this quiz